Чем больше, тем лучше, - сказаль Эмиль из Лённеберги: пер. со швед.

Podrobná bibliografie
Hlavní autor: Линдгрен А. А. Э. Астрид Анна Эмилия
Další autoři: Бородицкая М. Марина (переводчик)
Shrnutí:Если вы когда-нибудь попадёте в Лённебергу, что в Швеции, вам непременно поведают о проказнике Эмиле. Даже если он сам не озорничает, то с ним непременно что-нибудь да случается, такой уж он мальчишка. То выльет папе на голову тесто, то накормит петуха и поросёнка пьяными вишнями... Но однажды он учудил такое...
Jazyk:ruština
Vydáno: Москва, АСТ, 2009
Edice:Читаем дома и в детском саду
Témata:
Médium: MixedMaterials Kniha
KOHA link:https://koha.lib.tpu.ru/cgi-bin/koha/opac-detail.pl?biblionumber=347602

MARC

LEADER 00000nam0a2200000 4500
001 347602
005 20231102010021.0
010 |a 9785170577460 
010 |a 978-5-271-22944-2 
035 |a (RuTPU)RU\TPU\book\379519 
090 |a 347602 
100 |a 20220523d2009 c y0rusy50 ca 
101 1 |a rus  |c swe 
102 |a RU 
105 |a a z 000ay 
200 1 |a Чем больше, тем лучше, - сказаль Эмиль из Лённеберги  |e пер. со швед.  |f А. А. Э. Линдгрен  |g пер. М. Бородицкой 
210 |a Москва  |c АСТ  |c Астрель  |d 2009 
215 |a 55 с.  |c ил. 
225 1 |a Читаем дома и в детском саду 
330 |a Если вы когда-нибудь попадёте в Лённебергу, что в Швеции, вам непременно поведают о проказнике Эмиле. Даже если он сам не озорничает, то с ним непременно что-нибудь да случается, такой уж он мальчишка. То выльет папе на голову тесто, то накормит петуха и поросёнка пьяными вишнями... Но однажды он учудил такое... 
606 1 |a Шведская литература  |2 stltpush  |3 (RuTPU)RU\TPU\subj\19122  |9 44428 
610 1 |a художественная литература 
610 1 |a детская литература 
610 1 |a рассказы 
675 |a 839.7  |v 4 
700 1 |a Линдгрен  |b А. А. Э.  |c шведская писательница  |c урожденная Эрикссон  |f 1907-2002  |g Астрид Анна Эмилия  |2 stltpush  |3 (RuTPU)RU\TPU\pers\25913  |9 11764 
702 1 |a Бородицкая  |b М.  |g Марина  |4 730 
801 1 |a RU  |b 63413507  |c 20220523 
801 2 |a RU  |b 63413507  |c 20220720  |g RCR 
942 |c BK